K vymedzeniu pojmu pracovného pomeru. Pracovný pomer alebo obchodnoprávny vzťah?

Analýza základných právnych charakteristík pojmu závislá práca a pojmu pracovný pomer. Pracovný pomer ako záväzkový právny vzťah. Spoločenský a kolektívny charakter pracovného pomeru. Predmet pracovného pomeru. Osobný výkon práce. Slobodný a dovolený výkon práce. Závislá, nesamostatná práca. Poje...

Description complète

Enregistré dans:
Détails bibliographiques
Auteur principal: Barancová, Helena
Format: Chapitre de livre
Langue:slovaque
Sujets:
Tags: Ajouter un tag
Pas de tags, Soyez le premier à ajouter un tag!

MARC

LEADER 00000naa$a2200000$$$4500
001 0007537
005 20231102091410.9
041 0 |a slo 
044 |a SK 
245 1 0 |a K vymedzeniu pojmu pracovného pomeru. Pracovný pomer alebo obchodnoprávny vzťah?  |c aut. Helena Barancová 
520 |a Analýza základných právnych charakteristík pojmu závislá práca a pojmu pracovný pomer. Pracovný pomer ako záväzkový právny vzťah. Spoločenský a kolektívny charakter pracovného pomeru. Predmet pracovného pomeru. Osobný výkon práce. Slobodný a dovolený výkon práce. Závislá, nesamostatná práca. Pojem námedzná práca. 
610 2 0 |a pomer pracovný 
610 2 0 |a pojmy 
610 2 0 |a úpravy právne 
610 2 0 |a vzťahy pracovnoprávne 
610 2 0 |a zamestnávatelia 
610 2 0 |a výkony pracovné 
610 2 0 |a právo pracovné 
100 1 |a Barancová, Helena